000 00998nas a2200337 4500
001 BR0905983
003 BR-BrBNA
005 20231205113755.0
007 ta
008 230509b bl.|||p| |||| 00| 00por d
040 _aBR-BrBNA
_bpor
_cBiblioteca Nacional de Agricultura
041 _a(Pt)
072 _aL73; L70
100 1 _aSIlva, D.G.
100 1 _aSilva, P.R.L.
100 1 _aFagliari, J.J.
100 1 _aÁvila, F.a.
100 1 _aAlessi, A.C.
100 1 _aOliveira, R.G.
245 1 _aAvaliação clínica da infecção experimental de bezerros com Salmonella Dublin
650 _aBEZERRO
650 _aGADO HOLANDÊS
650 _aSALMONELOSE
650 _aVETERINÁRIA
650 _aDIAGNÓSTICO
650 _aDOENÇA ANIMAL
650 _aBACTÉRIA
773 0 _tArquivo Brasileiro de Medicina Veterinária e Zootecnia (Brazil)
_xISSN 0102-0935
_g(Feb 2008), v. 60(1) p. 251-255
_wBR0905983
909 _a202311
_bLúcia
_c55
_dLúcia Elande
942 _2AGRIS
_n0
_cANA
999 _c205536
_d205536